000 00486nam a2200157Ia 4500
008 180921t2020 xxu||||| |||| 00| 0 sin d
041 _asin
080 _aX8සි3(යොවුන්)
_bඈපාසි
100 _aඈපා, සිරිපාල
245 _aමගුරුවල තොටුපළ
260 _bප්‍ර.නො.
_aතැ.නො.
_c2020
300 _aසෙ.මි.21, පි.162
942 _cBK
999 _c11705
_d11705
003 LK-CoDNM
040 _aLK-CoDNM
_dLK-CoDNM
_eLK-CoDNM